| 000 | 00702nam a2200229 a 4500 | ||
|---|---|---|---|
| 999 |
_c8205 _d8205 |
||
| 001 | 8205 | ||
| 003 | BD-JhCC | ||
| 005 | 20191112134008.0 | ||
| 008 | 171003s2016 bg |||| || | 000 0 ben d | ||
| 020 | _a9847009603211 | ||
| 035 | _a(BD-JhCC)8205 | ||
| 040 |
_aBD-JhCC _dBD-JhCC |
||
| 041 | _aban | ||
| 082 |
_a891.4437 _bIQB 2016 |
||
| 100 | _aইকবাল, মুহাম্মদ জাফর | ||
| 245 |
_aক্রেনিয়াল / _bমুহাম্মদ জাফর ইকবাল |
||
| 260 |
_aঢাকা : _bজননী প্রন্টার্স, _c2016. |
||
| 300 |
_a151 p. : _c21 cm. |
||
| 650 | _aScience fiction,Bengali | ||
| 942 |
_2ddc _cBK _05 |
||